The mighty Saviour : (Record no. 12860)

MARC details
000 -LEADER
fixed length control field 00571nam a22002052 4500
001 - CONTROL NUMBER
control field 0000013420
003 - CONTROL NUMBER IDENTIFIER
control field OSt
005 - DATE AND TIME OF LATEST TRANSACTION
control field 20140825164500.0
008 - FIXED-LENGTH DATA ELEMENTS--GENERAL INFORMATION
fixed length control field 080717s1952 xx 000 0 eng d
040 ## - CATALOGING SOURCE
Original cataloging agency PUL
Transcribing agency PUL
050 ## - LIBRARY OF CONGRESS CALL NUMBER
Classification number BX8333.M5647
Item number M5 1952
100 1# - MAIN ENTRY--PERSONAL NAME
Personal name Moore, Arthur J.,
Dates associated with a name 1888-1974.
245 14 - TITLE STATEMENT
Title The mighty Saviour :
Remainder of title [Sermons].
260 ## - PUBLICATION, DISTRIBUTION, ETC. (IMPRINT)
Place of publication, distribution, etc New York :
Name of publisher, distributor, etc Abingdon-Cokesbury Press,
Date of publication, distribution, etc [1952].
300 ## - PHYSICAL DESCRIPTION
Extent 154 p. ;
Dimensions 20 cm.
650 #0 - SUBJECT ADDED ENTRY--TOPICAL TERM
Topical term or geographic name as entry element Methodist Church
General subdivision Sermons.
650 #0 - SUBJECT ADDED ENTRY--TOPICAL TERM
Topical term or geographic name as entry element Sermons, American
General subdivision 20th century.
908 ## - PUT COMMAND PARAMETER (RLIN)
Put command parameter 080717
942 ## - ADDED ENTRY ELEMENTS (KOHA)
Source of classification or shelving scheme Library of Congress Classification
Koha item type General circulation books
Holdings
Withdrawn status Lost status Source of classification or shelving scheme Damaged status Not for loan Home library Current library Date acquired Source of acquisition Total Checkouts Full call number Barcode Date last seen Price effective from Koha item type
    Library of Congress Classification     Presbyterian University of East Africa - Main Library Presbyterian University of East Africa - Main Library 26/12/2012 Donation   BX8333.M5647 M5 1952 020020015540 26/12/2012 26/12/2012 General circulation books
© Customized & Maintained by Eunice Ngesa